SARANGADHARA SAMHITA (Record no. 8533)

MARC details
000 -LEADER
fixed length control field 00285nam a22001337a 4500
003 - CONTROL NUMBER IDENTIFIER
control field SGT
082 ## - DEWEY DECIMAL CLASSIFICATION NUMBER
Classification number 615,538
Item number S13R
100 ## - MAIN ENTRY--PERSONAL NAME
Personal name RAO, G. PRABHAKAR
245 ## - TITLE STATEMENT
Title SARANGADHARA SAMHITA
260 ## - PUBLICATION, DISTRIBUTION, ETC. (IMPRINT)
Place of publication, distribution, etc VARANASI
Name of publisher, distributor, etc CHAUKHAMBHA
Year of Publication 2013
300 ## - PAGE DESCRIPTION
No. of Pages 396
650 ## - SUBJECT ADDED ENTRY--TOPICAL TERM
Topical term or geographic name as entry element SAMHITA
942 ## - ADDED ENTRY ELEMENTS (KOHA)
Source of classification or shelving scheme Dewey Decimal Classification
Koha item type Books
942 ## - ADDED ENTRY ELEMENTS (KOHA)
-- 7
Holdings
Withdrawn status Lost status Source of classification or shelving scheme Damaged status Not for loan Collection code Home library Current library Shelving location Date acquired Vendor Name Cost, normal purchase price SGTU Bill Number Total Checkouts Full call number Accession No. (Barcode) Date last seen Bill Date Koha item type Date last borrowed
    Dewey Decimal Classification     AYURVEDA SGT FA-FP Library SGT FA-FP Library Text Book 18/03/2016 CHAUKHAMBHA 695.00 SGTU CP/B/776   615,538 S13R FA3871 18/03/2016 05/01/2016 Books  
    Dewey Decimal Classification     AYURVEDA SGT FA-FP Library SGT FA-FP Library Text Book 18/03/2016 CHAUKHAMBHA 695.00 SGTU CP/B/776 7 615,538 S13R FA3872 21/01/2020 05/01/2016 Books 21/01/2020
    Dewey Decimal Classification     AYURVEDA SGT FA-FP Library SGT FA-FP Library Text Book 18/03/2016 CHAUKHAMBHA 695.00 SGTU CP/B/776 2 615,538 S13R FA3873 24/09/2019 05/01/2016 Books 02/09/2019
    Dewey Decimal Classification     AYURVEDA SGT FA-FP Library SGT FA-FP Library Text Book 18/03/2016 CHAUKHAMBHA 695.00 SGTU CP/B/776 6 615,538 S13R FA3874 08/11/2024 05/01/2016 Books 08/11/2024
    Dewey Decimal Classification     AYURVEDA SGT FA-FP Library SGT FA-FP Library Text Book 18/03/2016 CHAUKHAMBHA 695.00 SGTU CP/B/776 1 615,538 S13R FA3875 23/02/2024 05/01/2016 Books 06/02/2024